Most Retired North American Major Pro Sports Jersey Numbers - Statistics

General Stats
  • This quiz has been taken 56 times
  • The average score is 10 of 16
Answer Stats
Times Retired Most Retired Jersey # % Correct
29 3-way-tie 1
95%
27 NHL 9
95%
23 NHL 3
89%
28 NHL 4
89%
20 NHL 5
84%
43 NBA 6
84%
25 NHL 7
84%
20 NHL 12
81%
26 2-way-tie 10
76%
21 MLB 11
70%
36 NHL 99
54%
23 MLB 14
49%
21 NHL 16
41%
39 MLB 42
35%
22 NBA 32
8%
21 MLB 34
8%
No matching quizzes found
Score Distribution
Percent of People with Each Score
Percentile by Number Answered
Your Score History
You have not taken this quiz